Computer Architecture & Parallel Processing (Record no. 9917)

MARC details
000 -LEADER
fixed length control field 00437nam a2200169Ia 4500
008 - FIXED-LENGTH DATA ELEMENTS--GENERAL INFORMATION
fixed length control field 221030s9999 xx 000 0 und d
020 ## - INTERNATIONAL STANDARD BOOK NUMBER
ISBN 0070663548
041 ## - LANGUAGE CODE
Language code of text/sound track or separate title
082 ## - DEWEY DECIMAL CLASSIFICATION NUMBER
Classification number 105.23
100 ## - MAIN ENTRY--AUTHOR NAME
Personal name K. Hwang
245 #0 - TITLE STATEMENT
Title Computer Architecture & Parallel Processing
Statement of responsibility, etc by K. Hwang, F. A. Briggs
260 ## - PUBLICATION, DISTRIBUTION, ETC. (IMPRINT)
Name of publisher McGraw Hill Pub.
Place of publication New Delhi
Year of publication 2010
300 ## - PHYSICAL DESCRIPTION
Number of Pages 846
650 ## - SUBJECT ADDED ENTRY--TOPICAL TERM
Topical Term Computers
700 ## - ADDED ENTRY--PERSONAL NAME
Personal name F. A. Briggs
942 ## - ADDED ENTRY ELEMENTS (KOHA)
Koha item type Books
Holdings
Accession Number Cost, normal purchase price Bill Date Full call number Source of acquisition Price effective from Koha item type Withdrawn / writtenoff status Materials specified (bound volume or other part) Damaged status Not for loan Permanent Location Current Location Shelving location Date acquired Lost/ Missing status department
M 2088 477.00 636 105.23 Zigma, Jammu 10/30/2022 Books   Print     MIET Library, Jammu MIET Library, Jammu BL-Academic Block B, FL-2, CUP-122, SH-4, R-4 12/17/2011   MCA
M 2089 477.00 636 105.23 Zigma, Jammu 10/30/2022 Books   Print     MIET Library, Jammu MIET Library, Jammu BL-Academic Block B, FL-1, CUP-145, SH-2, R-2 12/17/2011   MCA
M 2090 477.00 636 105.23 Zigma, Jammu 10/30/2022 Books   Print     MIET Library, Jammu MIET Library, Jammu BL-Academic Block B, FL-1, CUP-145, SH-2, R-2 12/17/2011   MCA
M 2091 477.00 636 105.23 Zigma, Jammu 10/30/2022 Books   Print     MIET Library, Jammu MIET Library, Jammu BL-Academic Block B, FL-1, CUP-145, SH-2, R-2 12/17/2011   MCA
M 2092 477.00 636 105.23 Zigma, Jammu 10/30/2022 Books   Print     MIET Library, Jammu MIET Library, Jammu BL-Academic Block B, FL-1, CUP-145, SH-2, R-2 12/17/2011   MCA
BE 12009 477.00 639 105.23 Zigma, Jammu 10/30/2022 Books   Print   Not For Loan MIET Library, Jammu MIET Library, Jammu BL-Academic Block B, FL-2, CUP-169, SH-1, R-1 12/19/2011   BE
BE 12010 477.00 639 105.23 Zigma, Jammu 10/30/2022 Books   Print     MIET Library, Jammu MIET Library, Jammu BL-Academic Blcok C, FL-2, CUP-85, SH-1, R-1 12/19/2011   BE
BE 12011 477.00 639 105.23 Zigma, Jammu 10/30/2022 Books   Print     MIET Library, Jammu MIET Library, Jammu BL-Academic Block C, FL-2, CUP-85, SH-1, R-1 12/19/2011   BE
BE 12012 477.00 639 105.23 Zigma, Jammu 10/30/2022 Books   Print     MIET Library, Jammu MIET Library, Jammu BL-Academic Block C, FL-2, CUP-85, SH-1, R-1 12/19/2011   BE
BE 12013 477.00 639 105.23 Zigma, Jammu 10/30/2022 Books   Print     MIET Library, Jammu MIET Library, Jammu BL-Academic Block B, FL-2, CUP-85, SH-1, R-1 12/19/2011   BE